Journal of Fluid Mechanics Vol: 712 (Record no. 330291)
[ view plain ]
| 000 -LEADER | |
|---|---|
| fixed length control field | nam a22 7a 4500 |
| 003 - CONTROL NUMBER IDENTIFIER | |
| control field | NUST |
| 005 - DATE AND TIME OF LATEST TRANSACTION | |
| control field | 20170616113329.0 |
| 008 - FIXED-LENGTH DATA ELEMENTS--GENERAL INFORMATION | |
| fixed length control field | 170616b xxu||||| |||| 00| 0 eng d |
| 022 ## - INTERNATIONAL STANDARD SERIAL NUMBER | |
| International Standard Serial Number | 00221120 |
| 040 ## - CATALOGING SOURCE | |
| Original cataloging agency | DLC |
| Language of cataloging | DLC |
| Transcribing agency | RCMS |
| 082 ## - DEWEY DECIMAL CLASSIFICATION NUMBER | |
| Classification number | 532.14 CAM |
| 100 ## - MAIN ENTRY--PERSONAL NAME | |
| Personal name | Cambridge University Press |
| 9 (RLIN) | 2672 |
| 245 ## - TITLE STATEMENT | |
| Title | Journal of Fluid Mechanics Vol: 712 |
| Statement of responsibility, etc. | Cambridge University Press |
| 260 ## - PUBLICATION, DISTRIBUTION, ETC. | |
| Place of publication, distribution, etc. | USA |
| Name of publisher, distributor, etc. | Cambridge University Press |
| Date of publication, distribution, etc. | 10,December,2012 |
| 300 ## - PHYSICAL DESCRIPTION | |
| Extent | 670,p: |
| Other physical details | ill: |
| Dimensions | 22,cm. |
| 440 ## - SERIES STATEMENT/ADDED ENTRY--TITLE | |
| Volume/sequential designation | Volume:712 |
| 9 (RLIN) | 2821 |
| 500 ## - GENERAL NOTE | |
| General note | Contents continued on inside back cover. |
| 538 ## - SYSTEM DETAILS NOTE | |
| Display text | Shelf No 1 Row No 6 |
| 650 ## - SUBJECT ADDED ENTRY--TOPICAL TERM | |
| Topical term or geographic name entry element | Fluid Mechanics |
| 9 (RLIN) | 1678 |
| 942 ## - ADDED ENTRY ELEMENTS (KOHA) | |
| Source of classification or shelving scheme | |
| Koha item type | Continuing Resources |
| Withdrawn status | Lost status | Source of classification or shelving scheme | Damaged status | Not for loan | Permanent Location | Current Location | Shelving location | Date acquired | Total Checkouts | Full call number | Barcode | Date last seen | Price effective from | Koha item type |
|---|---|---|---|---|---|---|---|---|---|---|---|---|---|---|
| School of Interdisciplinary Engineering and Sciences (SINES) | School of Interdisciplinary Engineering and Sciences (SINES) | General Stacks | 06/16/2017 | 532.14 CAM | RCMS002429 | 06/16/2017 | 06/16/2017 | Continuing Resources |
